Residencias femeninas (Record no. 121576)

MARC details
000 -LEADER
campo de control de longitud fija 00877nam a2200241 4500
001 - NÚMERO DE CONTROL
campo de control 121576
003 - IDENTIFICADOR DE NÚMERO DE CONTROL
campo de control ES-MaACL
005 - FECHA Y HORA DE LA ÚLTIMA TRANSACCIÓN
campo de control 20250824203745.0
007 - CAMPO FIJO DE DESCRIPCIÓN FÍSICA--INFORMACIÓN GENERAL
campo de control de longitud fija t|
008 - DATOS DE LONGITUD FIJA--INFORMACIÓN GENERAL
campo de control de longitud fija 070214s1960 sp r ||||1| spa d
080 ## - NÚMERO DE LA CLASIFICACIÓN DECIMAL UNIVERSAL
Número de la Clasificación Decimal Universal 362.864(46)
100 1# - ENTRADA PRINCIPAL--NOMBRE DE PERSONA
Nombre de persona Porras-Isla, Teresa.
9 (RLIN) 93152
245 10 - MENCIÓN DEL TÍTULO
Título Residencias femeninas
Resto del título : estudio sociológico sobre las residencias femeninas de Madrid /
Mención de responsabilidad, etc. Teresa Porras-Isla, Elisa García Ruiz, Mª Dolores Barnuevo.
260 ## - PUBLICACIÓN, DISTRIBUCIÓN, ETC.
Lugar de publicación, distribución, etc. Madrid :
Nombre del editor, distribuidor, etc. El Perpetuo Socorro,
Fecha de publicación, distribución, etc. 1960.
300 ## - DESCRIPCIÓN FÍSICA
Extensión 427 p. ;
Dimensiones 23 cm.
490 1# - MENCIÓN DE SERIE
Mención de serie De libros de teología y práctica pastoral
650 #4 - PUNTO DE ACCESO ADICIONAL DE MATERIA--TÉRMINO DE MATERIA
Término de materia o nombre geográfico como elemento de entrada Residencias femeninas-
Subdivisión geográfica España.
9 (RLIN) 142573
700 1# - ENTRADA AGREGADA--NOMBRE PERSONAL
Nombre de persona García Ruiz, Elisa.
9 (RLIN) 55235
700 1# - ENTRADA AGREGADA--NOMBRE PERSONAL
Nombre de persona Barnuevo, Mª Dolores.
9 (RLIN) 25742
830 00 - PUNTO DE ACCESO ADICIONAL DE SERIE-TÍTULO UNIFORME
Título uniforme Libros de teología y práctica pastoral
9 (RLIN) 183305
852 ## - LOCALIZACIÓN
Ubicación ES-MaACL
Número de control de estantería C-24179
Sublocalización o colección R.52146
Holdings
Estatus retirado Estado de pérdida Estado de daño No para préstamo Biblioteca de origen Biblioteca actual Ubicación en estantería Fecha de adquisición Fuente de adquisición Total de préstamos Signatura topográfica completa Código de barras Visto por última vez Precio de reemplazo Tipo de ítem Koha
        Biblioteca del Ateneo de Madrid Biblioteca del Ateneo de Madrid Depósito 2 17/01/2008     C-24179 1126699 23/02/2023 23/02/2023 Libro impreso